000 00537nam a2200181Ia 4500
003 GCL
008 140319s9999 xx 000 0 ara d
040 _aGCL /
_cGCL
082 0 4 _aط
_b372.63
_bع ل
100 1 _aعمر الصاوى
245 1 0 _aلون مع الحروف /
_cعمر الصاوى
300 _a32 ص
490 _aالهيئة العامة للاستعلامات
_v0
650 0 4 _aالتعليم
650 0 4 _aالكتابة العربية
650 0 4 _aالكتابة العربية - تعليم
942 _2ddc
_cBK
999 _c51013
_d51013